000 01549nam a22002655i 4500
001 164065
003 ES-MaACL
005 20251009191503.0
008 940301s1807 sp a |||| | spa d
040 _aAS
_bspa
100 1 _aClemente y Rubio, Simón de Rojas,
_d1777-1827
_9131999
245 1 0 _aEnsayo sobre las variedades de la vid común que vegetan en Andalucia
_b: con un indice etimológico y tres listas de plantas en que se caracterizan varias especies nuevas /
_cpor Simón de Roxas Clemente y Rubio.
260 _aMadrid :
_b[s.n.],
_c1807 (
_fEn la Imprenta de Villalpando)
300 _aXVIII, 324 p. [2] h. de lám. ;
_c21 cm.
530 _aDisponible en formato digital.
599 _aLas il. son grabados xilográficos de tablas de los caracteres de las variedades de la vid común, p. 61-64.
599 _aLas h. de lám. son: un grabado calcográfico de "Vista de Sanlucar de Barrameda por el nuevo camino de Xerez. Antonio Rodríguez lo dibuxó. Pedro Vic.te Rodriguez lo grabó". Y la otra es grabado calcográfico coloreado de "Caracteres de la vid común. Ant.o Meneses dibujó. Ant.o Vázquez grabó"
650 4 _aVid-
_xVariedades-
_zAndalucía.
_9158376
700 1 _aRodríguez, Antonio,
_d1765-ca. 1823
_9148057
700 1 _aRodríguez, Pedro Vicente,
_d1775-1822
_9158377
852 _aES-MaACL
_jC-3453
_z-- Enc. pasta española
852 _aES-MaACL
_jC-12012
_z-- rúst.
856 _uhttp://bdh-rd.bne.es/viewer.vm?id=0000041422&page=1
_zBiblioteca Digital Hispánica
999 _c164065
_d164065